Жизнь и разум

Bibliographische Detailangaben
1. Verfasser: Монин А. С. Андрей Сергеевич
Körperschaft: Институт океанологии им. П. П. Ширшова РАН
Weitere Verfasser: Солнцева Н. И. Нина Ивановна
Zusammenfassung:Монография содержит работу академика А. С. Монина на тему: жизнь и наука, аннотированную библиографию трудов по геофизической гидродинамике и его краткую биографию. В библиографии приведены сведения об опубликованных научных трудах А. С. Монина: книгах, статьях в журналах и сборниках, а также список зарубежных публикаций и сведения о его деятельности в зарубежных научных организациях.Для геофизиков, геологов, историков науки.
Sprache:Russisch
Veröffentlicht: Москва, Наука, 2007
Schlagworte:
Format: MixedMaterials Buch
KOHA link:https://koha.lib.tpu.ru/cgi-bin/koha/opac-detail.pl?biblionumber=106568

MARC

LEADER 00000nam0a2200000 4500
001 106568
005 20231031114942.0
010 |a 5020342920 
035 |a (RuTPU)RU\TPU\book\115054 
090 |a 106568 
100 |a 20061211d2007 k y0rusy50 ca 
101 0 |a rus 
102 |a RU 
105 |a a z 001zb 
200 1 |a Жизнь и разум  |f А. С. Монин, Н. И. Солнцева  |g Институт океанологии им. П. П. Ширшова РАН 
210 |a Москва  |c Наука  |d 2007 
215 |a 168 с.  |c ил. 
320 |a Библиогр.: с. 58-154. 
330 |a Монография содержит работу академика А. С. Монина на тему: жизнь и наука, аннотированную библиографию трудов по геофизической гидродинамике и его краткую биографию. В библиографии приведены сведения об опубликованных научных трудах А. С. Монина: книгах, статьях в журналах и сборниках, а также список зарубежных публикаций и сведения о его деятельности в зарубежных научных организациях.Для геофизиков, геологов, историков науки. 
600 1 |a Монин  |b А. С.  |c российский океанолог  |c член-корреспондент АН СССР (1972)  |f 1921-  |g Андрей Сергеевич  |2 stltpush  |3 (RuTPU)RU\TPU\pers\19277 
610 1 |a геофизика 
610 1 |a геофизическая гидродинамика 
610 1 |a биографии 
610 1 |a библиография 
610 1 |a дипломы 
610 1 |a награды 
610 1 |a командировки 
610 1 |a жизнь 
610 1 |a разум 
610 1 |a человек 
610 1 |a сложные системы 
675 |a 550.3(09)  |v 3 
700 1 |a Монин  |b А. С.  |g Андрей Сергеевич 
701 1 |a Солнцева  |b Н. И.  |g Нина Ивановна 
712 0 2 |a Институт океанологии им. П. П. Ширшова РАН  |2 stltpush  |3 (RuTPU)RU\TPU\col\3562 
801 1 |a RU  |b 63413507  |c 20061211  |g PSBO 
801 2 |a RU  |b 63413507  |c 20120704  |g PSBO 
942 |c BK 
959 |a 108/20061206  |d 1  |e 0  |f НФ:1